Gaming Quiz

Random Gaming Quiz

Civilization VI: Buildings Quiz Stats

Quiz not verified by Sporcle

Challenge
Share
Tweet
Embed
Score 0/42 Timer 04:00
0 Plays Today
District Building % Correct
CampusUniversity
97.9%
Holy SiteTemple
91.5%
CampusLibrary
89.4%
Commercial HubBank
89.4%
Commercial HubMarket
89.4%
EncampmentBarracks
89.4%
HarborLighthouse
87.2%
Holy SiteShrine
87.2%
Industrial ZoneFactory
87.2%
AerodromeAirport
83%
CampusResearch Lab
83%
City CenterGranary
83%
Holy SiteWat
83%
City CenterMonument
78.7%
Commercial HubStock Exchange
78.7%
EncampmentStable
78.7%
Entertainment ComplexArena
78.7%
Holy SiteCathedral
78.7%
Entertainment ComplexZoo
76.6%
Theater SquareArt Museum
76.6%
EncampmentMilitary Academy
74.5%
District Building % Correct
Entertainment ComplexStadium
74.5%
City CenterAncient Walls
72.3%
City CenterMedieval Walls
72.3%
City CenterRenaissance Walls
72.3%
City CenterWater Mill
72.3%
Holy SiteMosque
72.3%
AerodromeHangar
70.2%
Industrial ZoneWorkshop
70.2%
Theater SquareAmphitheater
68.1%
HarborShipyard
66%
City CenterSewer
63.8%
Holy SitePagoda
57.4%
Industrial ZonePowerplant
57.4%
Theater SquareArchaeological Museum
57.4%
EncampmentArmory
55.3%
Theater SquareBroadcast Center
55.3%
HarborSeaport
53.2%
Holy SiteSynagogue
53.2%
City CenterPalace
44.7%
Holy SiteMeeting House
40.4%
Holy SiteGurdwara
38.3%

You're not logged in!

Compare scores with friends on all Sporcle quizzes.
Join for Free
OR
Log In

You Might Also Like...

Show Comments

Extras

Top Quizzes Today


Score Distribution

Your Account Isn't Verified!

In order to create a playlist on Sporcle, you need to verify the email address you used during registration. Go to your Sporcle Settings to finish the process.

Report this User

Report this user for behavior that violates our Community Guidelines.

Details: